000 00646nam a2200241Ia 4500
003 OSt
005 20220928124553.0
006 a|||||r|||| 00| 0
007 ta
008 220927b |||||||| |||| 00| 0 eng d
024 _a28607
037 _cTextual
040 _aSDCL
_cSDCL
_beng
041 _2eng
_aeng
082 _aV43:3(Q7)'P, P8
100 _aJalal Ayesha
_9371769
245 0 _aPartisans of Allah
260 _aRanikhet
_bPermanent Black
_c2008
300 _axvi,373p
_ccm.
650 _aState And Islam South Asia
_9466267
942 _hV43:3(Q7)'P, P8
_cTEXL
_2CC
999 _c779127
_d779127